| 000 | 00596nam a2200205Ia 4500 | ||
|---|---|---|---|
| 005 | 20250923145240.0 | ||
| 008 | 008 250917s9999 xx 000 0 eng d | ||
| 037 | _aTextual | ||
| 040 |
_aDSWL _beng _cDSWL |
||
| 041 |
_aeng _2eng |
||
| 084 |
_aY31:4.2, N71 _qDSWL |
||
| 100 |
_aMehta, Sushila _9833342 |
||
| 245 | 0 |
_aSocial Conflicts in a village - community _cby Sushila Mehta |
|
| 260 |
_aDelhi _bS.Chand & Co. Pvt. Ltd. _c1971 |
||
| 300 | _axvi,346p. | ||
| 365 |
_aINR _b27.50 |
||
| 925 | _g27.50 | ||
| 942 |
_cTEXL _hY31:4.2, N71 |
||
| 999 |
_c1448946 _d1448946 |
||